El hombre y el mundo biológico / (Record no. 131875)

MARC details
000 -LEADER
campo de control de longitud fija 00752nam a2200229 4500
001 - NÚMERO DE CONTROL
campo de control 131875
003 - IDENTIFICADOR DE NÚMERO DE CONTROL
campo de control ES-MaACL
005 - FECHA Y HORA DE LA ÚLTIMA TRANSACCIÓN
campo de control 20230906194049.0
007 - CAMPO FIJO DE DESCRIPCIÓN FÍSICA--INFORMACIÓN GENERAL
campo de control de longitud fija t|
008 - DATOS DE LONGITUD FIJA--INFORMACIÓN GENERAL
campo de control de longitud fija 070214s1946 ag r ||||1| spa d
100 1# - ENTRADA PRINCIPAL--NOMBRE DE PERSONA
Nombre de persona Rogers, J. Speed.
9 (RLIN) 98945
245 13 - MENCIÓN DEL TÍTULO
Título El hombre y el mundo biológico /
Mención de responsabilidad, etc. J. Speed Rogers, Theodore H. Hubbell, C. Francis Byers ; traducción de Rodolfo Muratorio.
260 ## - PUBLICACIÓN, DISTRIBUCIÓN, ETC.
Lugar de publicación, distribución, etc. Buenos Aires :
Nombre del editor, distribuidor, etc. Hachette,
Fecha de publicación, distribución, etc. 1946.
300 ## - DESCRIPCIÓN FÍSICA
Extensión XIII, 742 p. :
Otras características físicas il. ;
Dimensiones 23 cm.
490 1# - MENCIÓN DE SERIE
Mención de serie Colección saber
700 1# - ENTRADA AGREGADA--NOMBRE PERSONAL
Nombre de persona Hubbell, Theodore H.
9 (RLIN) 64479
700 1# - ENTRADA AGREGADA--NOMBRE PERSONAL
Nombre de persona Byers, C. Francis.
9 (RLIN) 33011
700 1# - ENTRADA AGREGADA--NOMBRE PERSONAL
Nombre de persona Muratorio, Rodolfo.
9 (RLIN) 84546
830 0# - PUNTO DE ACCESO ADICIONAL DE SERIE-TÍTULO UNIFORME
Título uniforme Colección saber
9 (RLIN) 219616
852 ## - LOCALIZACIÓN
Ubicación ES-MaACL
Número de control de estantería C-4486
Sublocalización o colección R.25042
Holdings
Estatus retirado Estado de pérdida Estado de daño No para préstamo Biblioteca de origen Biblioteca actual Ubicación en estantería Fecha de adquisición Fuente de adquisición Total de préstamos Signatura topográfica completa Código de barras Visto por última vez Precio de reemplazo Tipo de ítem Koha
        Biblioteca del Ateneo de Madrid Biblioteca del Ateneo de Madrid Sala Palomar 17/01/2008     C-4486 1137292 23/02/2023 23/02/2023 Libro impreso